History Quiz

Random History or Letter Quiz

'A' in History Quiz Stats

 Plays Quiz Updated Aug 3, 2018

Also try: 'B' in History
Challenge
Share
Tweet
Embed
Score 0/20 Timer 05:00
13 Plays Today
Question Answer % Correct
Which civilisation's gods included Tlaloc and Quetzalcoatl?Aztec
93.2%
What is the collective name given to the countries that fought the Allies in WWII?Axis Powers
86.2%
Under which name did Octavian become Roman Emperor?Augustus Caesar
74.8%
What is the name given to the nation of all-female warriors in Greek mythology?Amazons
73.4%
Which language spread into North Africa around the 7th century A.D?Arabic
66.8%
Who became US President following the assassination of James Garfield?Chester A. Arthur
64.8%
What was the name of Queen Victoria's husband?Albert
58.1%
In which Mediterranean port was the Great Lighthouse built?Alexandria
57.2%
Which southern hemisphere country was known as New Holland until 1824?Australia
54.9%
What is the name of the hill on which the Parthenon is situated?Acropolis
54.6%
Question Answer % Correct
Who was the Greek god of light and truth?Apollo
50.4%
Which barbarian leader terrorised the Roman Empire from 434 until his death in 453?Attila the Hun
49.9%
Which Greek mathematician is said to have taken to the streets of Syracuse shouting 'Eureka?'Archimedes
48.4%
Who is the jackal-headed god of the afterlife in Egyptian mythology?Anubis
41.7%
Who is the only English king to be called 'the Great?'Alfred
41.6%
Who was the leader of the united Greek army in the Trojan war?Agamemnon
34.7%
Which Cambodian temple complex means 'city that is a temple' in Sanskrit?Angkor Wat
33.2%
Which battle of the Hundred Years' War took place on October 25th, 1415?Agincourt
30.3%
Which Norwegian was the first person to reach the south pole?Roald Amundsen
29.4%
Which Mesopotamian kingdom was also known as Subartu?Assyria
19.2%

You're not logged in!

Compare scores with friends on all Sporcle quizzes.
OR
Log In

You Might Also Like...

Show Comments

Extras

Top Quizzes Today


Score Distribution

Your Account Isn't Verified!

In order to create a playlist on Sporcle, you need to verify the email address you used during registration. Go to your Sporcle Settings to finish the process.

Report this User

Report this user for behavior that violates our Community Guidelines.

Details: